| 000 | 00340nam a22001457a 4500 | ||
|---|---|---|---|
| 999 |
_c533751 _d533751 |
||
| 020 | _a0415469600 | ||
| 040 | _cMSOHAIL | ||
| 082 |
_a624.151 _bWAL |
||
| 100 |
_aTony Waltham _927726 |
||
| 245 | _aFoundations of Engineering Geology | ||
| 250 | _a3rd Edition | ||
| 260 |
_aIndia _bCRC Press; _cc2009 |
||
| 300 | _a98;pxv | ||
| 942 |
_2ddc _cBK |
||